000 00298nam a2200121Ia 4500
008 241014s9999||||xx |||||||||||||| ||und||
020 _a0-8493-724-1
100 _aKelly William N
245 0 _aPharmacy What it is and how it works
250 _a2nd
260 _bCRC Press
_c2007
942 _bDCOP
_cBK
999 _c3226
_d3226